|
|
|
|
| LEADER |
03538nam a2200769 i 4500 |
| 001 |
nkc20213366250 |
| 003 |
CZ PrNK |
| 005 |
20251209100619.0 |
| 007 |
ta |
| 008 |
211012s2021 xr ach e f 000 0 cze |
| 015 |
|
|
|a cnb003366250
|
| 020 |
|
|
|a 978-80-87375-19-8
|q (Masarykovo muzeum v Hodoníně ;
|q brožováno) :
|c neprodejné
|
| 035 |
|
|
|a (OCoLC)1357140103
|
| 040 |
|
|
|a BOA001
|b cze
|e rda
|
| 041 |
0 |
|
|a cze
|b cze
|b eng
|
| 043 |
|
|
|a e-xr---
|b e-xr-jm
|2 czenas
|
| 045 |
|
|
|a u-y-
|
| 072 |
|
7 |
|a 27-5
|x Liturgie. Křesťanské umění a symbolika. Duchovní život
|2 Konspekt
|9 5
|
| 080 |
|
|
|a 27-567
|2 MRF
|
| 080 |
|
|
|a 27-565
|2 MRF
|
| 080 |
|
|
|a 726.5:27-567-312.47
|2 MRF
|
| 080 |
|
|
|a 27-312.47-5
|2 MRF
|
| 080 |
|
|
|a 272-528
|2 MRF
|
| 080 |
|
|
|a 2-6
|2 MRF
|
| 080 |
|
|
|a (437.322)
|2 MRF
|
| 080 |
|
|
|a (036)
|2 MRF
|
| 080 |
|
|
|a (093)
|2 MRF
|
| 245 |
0 |
0 |
|a Zlatá sobota v Žarošicích /
|c editorka: Věra Colledani
|
| 264 |
|
1 |
|a Kyjov :
|b Regionální pracoviště pro tradiční lidovou kulturu Jihomoravský kraj, Vlastivědné muzeum Kyjov ;
|a V Hodoníně :
|b Masarykovo muzeum,
|c 2021
|
| 300 |
|
|
|a 64 stran :
|b ilustrace (některé barevné), portréty, faksmile ;
|c 21 cm
|
| 336 |
|
|
|a text
|b txt
|2 rdacontent
|
| 336 |
|
|
|a statický obraz
|b sti
|2 rdacontent
|
| 337 |
|
|
|a bez média
|b n
|2 rdamedia
|
| 338 |
|
|
|a svazek
|b nc
|2 rdacarrier
|
| 500 |
|
|
|a Podnázev na rubu obálky: sborník příspěvků
|
| 500 |
|
|
|a 500 výtisků
|
| 504 |
|
|
|a Obsahuje bibliografii a bibliografické odkazy
|
| 546 |
|
|
|a Částečně souběžný anglický text, české a anglické resumé
|
| 610 |
2 |
7 |
|a Kostel sv. Anny (Žarošice, Česko)
|7 ko20211098112
|2 czenas
|
| 611 |
2 |
7 |
|a Zlatá sobota (pouť)
|7 mzk20221144649
|2 czenas
|
| 648 |
|
7 |
|a 17.-21. století
|7 ch757027
|2 czenas
|
| 650 |
0 |
7 |
|a náboženské poutě
|7 ph115479
|z Česko
|y 17.-21. století
|2 czenas
|
| 650 |
0 |
7 |
|a církevní slavnosti
|7 ph119298
|z Česko
|y 17.-21. století
|2 czenas
|
| 650 |
0 |
7 |
|a mariánská poutní místa
|7 ph115226
|z Česko
|y 17.-21. století
|2 czenas
|
| 650 |
0 |
7 |
|a mariánský kult
|7 ph122644
|z Česko
|y 17.-21. století
|2 czenas
|
| 650 |
0 |
7 |
|a katolická liturgie
|7 ph121529
|z Česko
|2 czenas
|
| 650 |
0 |
9 |
|a religious pilgrimages
|z Czechia
|y 17th-21st centuries
|2 eczenas
|
| 650 |
0 |
9 |
|a church festivals
|z Czechia
|y 17th-21st centuries
|2 eczenas
|
| 650 |
0 |
9 |
|a Marian pilgrimage places
|z Czechia
|y 17th-21st centuries
|2 eczenas
|
| 650 |
0 |
9 |
|a Marian cult
|z Czechia
|y 17th-21st centuries
|2 eczenas
|
| 650 |
0 |
9 |
|a Catholic liturgy
|z Czechia
|2 eczenas
|
| 651 |
|
7 |
|a Žarošice (Česko)
|7 ge131585
|x náboženské poměry
|y 17.-21. století
|2 czenas
|
| 651 |
|
9 |
|a Žarošice (Czechia)
|x religious conditions
|y 17th-21st centuries
|2 eczenas
|
| 655 |
|
7 |
|a informační publikace
|7 fd132454
|2 czenas
|
| 655 |
|
7 |
|a dokumenty
|7 fd132064
|2 czenas
|
| 655 |
|
9 |
|a information publications
|2 eczenas
|
| 655 |
|
9 |
|a documents
|2 eczenas
|
| 700 |
1 |
|
|a Colledani, Věra
|7 mzk20211101030
|4 edt
|
| 910 |
2 |
|
|a BOA001
|b 2-1482.345
|
| 928 |
9 |
|
|a Masarykovo muzeum v Hodoníně
|
| 928 |
9 |
|
|a Vlastivědné muzeum Kyjov, regionální pracoviště pro tradiční lidovou kulturu Jihomoravský kraj
|
| 928 |
9 |
|
|a Regionální pracoviště pro tradiční lidovou kulturu Jihomoravského kraje Masarykova muzea v Hodoníně
|
| 990 |
|
|
|a BK
|
| 995 |
|
|
|a 01
|
| 991 |
|
|
|b 202203
|c NOV
|
| 996 |
6 |
|
|b 2610893939
|c 2-1482.345
|l MZK
|r Sklad / do 1 hodiny
|n 2
|p p.v.
|w 001878140
|u 000010
|a 1
|e BOA001
|j MZK50
|s P
|
| 996 |
7 |
|
|b 2611019658
|c 2-1482.345
|l MZK
|r Sklad / do 1 hodiny
|n 0
|p p.v.
|w 001878140
|u 000020
|a 1
|e BOA001
|j MZK50
|s A
|